| 000 | 00934nam a2200265 a 4500 | ||
|---|---|---|---|
| 001 | 000030554 | ||
| 003 | DO-SdBNP | ||
| 005 | 20240302073950.0 | ||
| 008 | 090819s2001 dr ac 000 0 spa d | ||
| 040 |
_aDO-SdBNP _bspa _cBNPHU |
||
| 082 | 4 |
_a330.97293 _bC343h, 2001 _222 |
|
| 100 | 1 |
_aCassá, Roberto, _d1948- _910888 |
|
| 245 | 1 | 0 |
_aHistoria social y económica de la República Dominicana / _cRoberto Cassá. |
| 250 | _a15a. ed. | ||
| 260 |
_aSanto Domingo : _bAlfa & Omega, _c2001. |
||
| 300 |
_av. : _bil., retrs. ; _c27 cm. |
||
| 500 | _aLa biblioteca posee v. 2 | ||
| 590 | _aInventariado, 2018/ YL | ||
| 651 | 4 |
_aRepública Dominicana _xHistoria _9170 |
|
| 651 | 4 |
_aRepública Dominicana _xCondiciones económicas _9281 |
|
| 651 | 4 |
_aRepública Dominicana _xCondiciones sociales _946 |
|
| 651 | 4 |
_aRepública Dominicana _xPoblación _xHistoria _91456 |
|
| 910 | _aValidado. Control de calidad MMOLINA | ||
| 942 |
_2ddc _cLBS1 |
||
| 999 |
_c30046 _d30046 |
||